000 00502pab a2200169 454500
008 180718b2000 xxu||||| |||| 00| 0 eng d
100 _aBarrett, Pat
245 _aBalancing accountability and efficiency in a more competitive public sector environment
260 _c2000
300 _ap.58-71
362 _aSep
650 _aAccountability - Australia
650 _aPublic sector - Australia
650 _aPublic sector
773 _aAustralian Journal of Public Administration
909 _a46194
999 _c46194
_d46194